Yếu tố phi lí trong tiểu thuyết Người đàn bà trong cồn cát của Abe Kobo
Tiểu thuyết Người đàn bà trong cồn cát và sự phi lí hóa hiện thực. Yếu tố phi lí như là một phương diện của hình thức tự sự trong tiểu thuyết Người đàn bà trong cồn cát của Abe Kobo. Tính phi lí - ảnh hưởng và sáng tạo của Abe Kobo...
Αποθηκεύτηκε σε:
| Κύριος συγγραφέας: | |
|---|---|
| Άλλοι συγγραφείς: | |
| Μορφή: | Βιβλίο |
| Γλώσσα: | Vietnamese |
| Έκδοση: |
Đà Nẵng
Đại học Sư phạm, Đại học Đà Nẵng
2013
|
| Θέματα: | |
| Ετικέτες: |
Προσθήκη ετικέτας
Δεν υπάρχουν, Καταχωρήστε ετικέτα πρώτοι!
|
| Thư viện lưu trữ: | Mạng thư viện Đại học Đà Nẵng |
|---|
| LEADER | 01921nam a2200397 4500 | ||
|---|---|---|---|
| 001 | 000019038 | ||
| 003 | 15473 | ||
| 005 | 20140313160341.0 | ||
| 008 | 140228s2013 viesd | ||
| 041 | |a vie | ||
| 072 | |a VH | ||
| 082 | 1 | 4 | |a 895.635 |b NG-T |
| 100 | 1 | |a Nguyễn Thị Hồng Tình | |
| 245 | 1 | 0 | |a Yếu tố phi lí trong tiểu thuyết Người đàn bà trong cồn cát của Abe Kobo |c Nguyễn Thị Hồng Tình ; Nguyễn Phương Khánh hướng dẫn |k Khóa luận tốt nghiệp |
| 260 | |a Đà Nẵng |b Đại học Sư phạm, Đại học Đà Nẵng |c 2013 | ||
| 300 | |a 69 tr. |c 29 cm. | ||
| 500 | |a Khóa luận tốt nghiệp đại học. Chuyên ngành: Sư phạm Ngữ văn | ||
| 520 | |a Tiểu thuyết Người đàn bà trong cồn cát và sự phi lí hóa hiện thực. Yếu tố phi lí như là một phương diện của hình thức tự sự trong tiểu thuyết Người đàn bà trong cồn cát của Abe Kobo. Tính phi lí - ảnh hưởng và sáng tạo của Abe Kobo | ||
| 600 | 1 | 4 | |a Kobo, Abe |d 1924-1993 |t Người đàn bà trong cồn cát |
| 650 | 0 | 4 | |a Tiểu thuyết Nhật Bản |v Khóa luận tốt nghiệp |x Kobo, Abe |
| 653 | |a Người đàn bà trong cồn cát | ||
| 653 | |a Khoa Ngữ văn | ||
| 653 | |a Tiểu thuyết Nhật Bản | ||
| 653 | |a Yếu tố phi lí | ||
| 653 | |a Văn học Nhật Bản | ||
| 700 | 1 | |a Nguyễn Phương Khánh |e Hướng dẫn | |
| OWN | |a LSP | ||
| AVA | |a UDN50 |b LSP |d 895.635 NG-T |e available |t Error 5001 Not defined in file expand_doc_bib_avail. |f 1 |g 0 |h N |i 0 |k 1 | ||
| 999 | |a From the UDN01 | ||
| AVA | |a UDN50 |b LSP |d 895.635 NG-T |e available |t Error 5001 Not defined in file expand_doc_bib_avail. |f 1 |g 0 |h N |i 0 |k 1 | ||
| TYP | |a Monograph | ||
| TYP | |a Printed language | ||
| 980 | |a Mạng thư viện Đại học Đà Nẵng | ||